[Event "ESP-chB playoff"]
[Site "Ayamonte"]
[Date "2002.10.08"]
[Round "4"]
[White "Arizmendi Martinez, Julen Luis"]
[Black "Vallejo Pons, Francisco"]
[Result "0-1"]
[WhiteElo "2510"]
[BlackElo "2635"]
[Annotator "Horn,Pe"]
[PlyCount "80"]
[EventDate "2002.10.08"]
[EventType "k.o."]
[EventRounds "4"]
[EventCountry "ESP"]
[SourceTitle "CBM 092"]
[Source "ChessBase"]
[SourceDate "2003.02.06"]
[SourceVersion "1"]
[SourceVersionDate "2003.02.06"]
[SourceQuality "1"]

1. e4 c5 2. Nf3 e6 3. d3 Nc6 4. g3 g6 5. Bg2 Bg7 6. O-O Nge7 7. c3 d5 8. Nbd2
b6 9. Re1 h6 10. h4 Qc7 11. Qe2 $6 (11. Nf1 $142 {ist der übliche Zug.}) 11...
Ba6 12. e5 $2 g5 $1 {das Standardmanöver ist hier (mit dem Ba6) sehr stark} ({
weniger überzeugend ist} 12... Rd8 13. Nf1 b5 14. d4 {Suciu,D-Florescu,C/
Tusnad 2000}) 13. hxg5 ({Die Notlösung} 13. c4 {gefällt auch nicht sonderlich:}
gxh4 14. gxh4 Rg8 $17 (14... O-O-O $17)) 13... hxg5 14. Nxg5 Qxe5 {[%csl Rd3]
Nun sieht es finster für den Pd3 aus.} 15. Qd1 $6 {Weiss beschliesst, im
Trüben zu fischen.} Qxg5 16. Nc4 Qh5 17. Qa4 Bxc4 18. dxc4 Kf8 19. cxd5 exd5
20. Bf4 Be5 ({materialistischer war} 20... Rd8 21. Bc7 Rc8 (21... Rd7 $2 22.
Rxe7) 22. Bd6 Rh6 $19 23. Bxe7+ Nxe7 24. Qxa7 Re8 25. Rad1 Be5 $19) 21. g4 Qh4
22. Rxe5 Nxe5 23. Bxe5 Rg8 24. f3 Ng6 25. Qc6 Re8 26. Qd6+ (26. Bf6 Qg3 27. Rd1
Nh4 28. Bxh4 Qxh4 $19) 26... Qe7 27. Qxe7+ Kxe7 28. Bg3 Kd7 29. Kf2 Ne5 30. Rd1
Kc6 (30... Ke6 $142) 31. b3 ({mehr Widerstand leistet} 31. Bxe5 Rxe5 32. f4 Re7
33. Bxd5+ Kc7 34. g5 $17) 31... c4 (31... Nd7 $1) 32. bxc4 (32. Bxe5 $1 Rxe5
33. f4 Re7 34. Bxd5+ Kc7 35. g5 cxb3 36. axb3 a5 $17) 32... Nxc4 33. f4 Ne3 34.
Rd4 Nxg2 35. Kxg2 Rxg4 36. Kf3 Rgg8 37. c4 dxc4 38. Rxc4+ Kb7 39. f5 Rc8 40.
Rd4 Rc3+ 0-1

[Event "Vejle"]
[Site "Vejle"]
[Date "1994.??.??"]
[Round "?"]
[White "Mortensen, Erling"]
[Black "Nielsen, Uffe Vinther"]
[Result "1-0"]
[WhiteElo "2470"]
[BlackElo "2385"]
[Annotator "Horn,Pe"]
[PlyCount "63"]
[EventDate "1994.02.??"]
[EventType "tourn"]
[EventRounds "9"]
[EventCountry "DEN"]
[EventCategory "10"]
[SourceTitle "CBM 040"]
[Source "ChessBase"]
[SourceDate "1994.06.01"]
[SourceVersion "1"]
[SourceVersionDate "1994.06.01"]
[SourceQuality "1"]

1. e4 c5 2. Nf3 e6 3. d3 Nc6 4. g3 d5 5. Nbd2 Bd6 6. Bg2 Nge7 7. O-O O-O 8. Re1
Qc7 9. c3 Bd7 10. a3 $146 (10. Qe2 f6 11. a3 (11. Nf1 $6 d4 (11... Rae8 12. Bd2
a6 13. a3 d4 14. Rab1 e5 15. Rec1 Be6 16. b4 dxc3 17. Bxc3 Qd7 18. N1d2 b5 $15
{Caldwell-Sax/London/1980}) 12. Bd2 e5 $15 13. Rec1 Rfc8 14. h3 Be6 15. N1h2
Qd7 16. h4 b5 17. cxd4 cxd4 18. Ne1 a5 19. f4 Bb4 $17 {A.Zaitsev-Gufeld/URS-ch/
1969}) 11... Rac8 (11... Rae8 12. b4 b6 13. d4 $14 {R.Fischer-DiCamillo/New
Jersey/1957}) (11... a5 12. d4 (12. a4 $5 {Smith/Hall} Rae8 13. Nb1 dxe4 $6 14.
dxe4 e5 15. Na3 $14 {Lagrotteria-Kievelitz/Forli op/1992}) 12... cxd4 13. Nxd4
Nxd4 14. cxd4 Qb6 15. Nf3 dxe4 16. Qxe4 Rac8 $10 {Maus-Ribli/Bundesliga/1991})
12. Nb3 $6 Qb6 13. Nbd2 Kh8 $13 {Zapata-Lautier/Novi Sad ol/1990}) 10... b5 (
10... Rac8 $5) 11. d4 (11. Qe2 f6 12. d4) (11. b4 $5) 11... cxd4 12. cxd4 dxe4
13. Nxe4 Nd5 14. Bd2 Rfd8 (14... Nce7 $5 15. Rc1 Qb6 $13) 15. Rc1 Be8 16. b4
Qb6 17. Nc5 a5 $2 (17... Bf8 $13) (17... Be7 $13) 18. bxa5 Nxa5 19. Ng5 h6 (
19... Bxc5 20. dxc5 Qc7 21. Qc2 g6 22. Ne4 $16) (19... Be7 20. Ngxe6 fxe6 21.
Rxe6 Qa7 (21... Rd6 22. Bxd5 $18) 22. Bxa5 Qxa5 (22... Bxc5 23. Bxd8 Rxd8 24.
Rxc5 $18) 23. Bxd5 Rxd5 24. Rxe7 $18) (19... Bf8 20. Ngxe6 fxe6 21. Rxe6 Nc6 (
21... Qa7 22. Rxe8 Rxe8 23. Bxd5+ Kh8 24. Bxa8 $18) 22. Rxe8 Rxe8 23. Bxd5+ Kh8
24. Nd7 $18) 20. Ngxe6 fxe6 21. Nxe6 Nf6 (21... Bf8 22. Nxd8 Rxd8 23. Bxd5+
Rxd5 24. Rxe8 $18) 22. Bxh6 Ra7 (22... gxh6 23. Bxa8 Rxa8 24. Qf3 Ra7 25. Qxf6
$40) 23. Bg5 Bh5 (23... Rb8 24. Bxf6 gxf6 25. Qg4+ Kh8 26. Qh4+ Kg8 27. Qxf6
$40) 24. Bf3 Bf7 (24... Bxf3 25. Qxf3 Rdd7 (25... Re8 26. Bxf6 gxf6 27. Qg4+
$18) 26. Bxf6 gxf6 27. Rc8+ $18) 25. Bxf6 gxf6 26. Nxd8 Qxd8 27. Bh5 $18 Bxa3
28. Qg4+ Kh7 29. Bxf7 Rxf7 (29... Bxc1 30. Qg6+ $18) 30. Rc8 Qd7 31. Qh5+ Kg7
32. Rh8 1-0

[Event "Tiraspol"]
[Site "Tiraspol"]
[Date "1994.??.??"]
[Round "2"]
[White "Nevednichy, Vladislav"]
[Black "Saltaev, Mihail"]
[Result "1-0"]
[WhiteElo "2480"]
[BlackElo "2480"]
[Annotator "Horn,Pe"]
[PlyCount "73"]
[EventDate "1994.??.??"]
[EventType "tourn"]
[EventRounds "9"]
[EventCountry "MDA"]
[EventCategory "10"]
[SourceTitle "CBM 040"]
[Source "ChessBase"]
[SourceDate "1994.06.01"]
[SourceVersion "1"]
[SourceVersionDate "1994.06.01"]
[SourceQuality "1"]

1. e4 c5 2. Nf3 e6 3. d3 d5 4. Nbd2 Nc6 5. g3 Bd6 6. Bg2 Nge7 7. O-O O-O 8. Nh4
b5 $146 (8... b6 9. f4 dxe4 10. dxe4 Ba6 11. Re1 Bc7 12. c3 Bd3 13. e5 Qd7 14.
Ne4 $16 {Dolmatov-Lautier/Polen/1991}) 9. f4 c4 (9... f6 $5) 10. e5 Bc5+ 11.
Kh1 Ba6 $6 (11... cxd3 12. cxd3 Ba6) 12. dxc4 bxc4 (12... dxc4 $6 {><e4}) 13.
c3 $14 Qb6 (13... d4 14. Ne4 Bb6 15. Qh5 $40) 14. Qh5 g6 15. Qg5 Rad8 16. Ndf3
{/\ Qh6,Ng5} Nf5 17. Nxf5 exf5 18. Qh6 Be7 $8 19. Re1 Bc8 (19... d4 $5 20. cxd4
Nxd4 21. Be3 Qxb2 22. Rab1 Qc3 $13) 20. Be3 $1 Qc7 (20... Qxb2 $2 21. Bc5 Bxc5
22. Ng5 $18) 21. Rad1 Rfe8 {/\ Bf8} 22. Bc5 $1 Bxc5 (22... f6 23. exf6 Bxf6 24.
Rxe8+ Rxe8 25. Ng5 $18 {><d5}) 23. Ng5 Be6 (23... f6 24. Bxd5+ $1 Rxd5 25. exf6
Rxe1+ (25... Rdd8 26. Rxd8 Rxd8 27. Re7 $18) 26. Rxe1 Rd8 27. Re7 $18) 24. h4
$4 (24. Nxh7 Be7 (24... f6 25. Nxf6+ Kf7 26. Qh7+ $18) 25. Nf6+ Bxf6 26. exf6
$18) 24... f6 25. exf6 Bf8 26. f7+ Qxf7 $8 27. Nxf7 Bxh6 28. Nxd8 Nxd8 29. Bxd5
Kf8 (29... Kf7) 30. Bxe6 Nxe6 31. Kh2 {Why?} (31. Rd6) 31... Kf7 32. Rd6 Bf8 (
32... Nc5 33. Rxe8 Kxe8 34. Rc6 Bf8) 33. Rc6 Bg7 (33... Nc5 34. Rc7+ Re7 35.
Rexe7+ Bxe7 36. Rxa7 Ke6) 34. Rxc4 h6 35. b4 g5 36. hxg5 hxg5 37. Rd1 {(...)}
1-0

[Event "Alushta2"]
[Site "Alushta"]
[Date "1994.??.??"]
[Round "6"]
[White "Varavin, Viktor"]
[Black "Moskalenko, Viktor"]
[Result "0-1"]
[WhiteElo "2510"]
[BlackElo "2535"]
[Annotator "Horn,Pe"]
[PlyCount "79"]
[EventDate "1994.02.??"]
[EventType "tourn"]
[EventRounds "9"]
[EventCountry "UKR"]
[EventCategory "12"]
[SourceTitle "CBM 041"]
[Source "ChessBase"]
[SourceDate "1994.08.01"]
[SourceVersion "1"]
[SourceVersionDate "1994.08.01"]
[SourceQuality "1"]

1. e4 {Ambroz} e6 2. d3 d5 3. Nd2 c5 4. g3 Nc6 5. Bg2 g6 6. Ngf3 Bg7 7. O-O
Nge7 8. Re1 b6 9. c3 h6 (9... O-O {Ambroz} 10. e5 Qc7 11. Qe2 g5 $5 12. Nxg5
Qxe5 13. Nde4 $5 Ng6 14. Nxh7 Kxh7 15. f4 Qc7 16. Ng5+ Kg8 17. Qh5 Rd8 18. Qh7+
Kf8 19. h4 $44 Nge7 20. Qh5 Nf5 21. g4 Ng3 22. Qh7 Ne7 23. f5 exf5 24. h5 Ng8
25. h6 {Kochetkov,G-Moskalenko,V/Alushta1 (9)/1994/0.5 (36)}) 10. h4 (10. exd5
{Ambroz}) 10... dxe4 $146 (10... a5) (10... O-O {Ambroz} 11. e5 Qc7 12. Qe2 Ba6
13. Nf1 d4 (13... Kh7 14. N1h2 Rae8 15. Bf4 Qd8 16. g4 $40) 14. c4 b5 $1 15. b3
bxc4 16. dxc4 Rad8 17. Bd2 Nd5 $36 {Jell,K-Rentschler,J/2BLS 8788}) (10... a5 {
Ambroz} 11. a4 Ra7 12. exd5 exd5 13. Nf1 O-O 14. Bf4 d4 $1 15. Ne5 Nxe5 16.
Bxe5 dxc3 $1 17. bxc3 Rd7 18. Qc2 Bxe5 19. Rxe5 Ba6 $1 $17 {Strikovic,
A-Gheorghiu,F/New York (open) 1988}) (10... Bb7 {Ambroz} 11. Rb1 Qc7 12. Nf1
O-O 13. e5 Nxe5 14. Nxe5 Bxe5 15. Bxh6 Bg7 16. Bxg7 Kxg7 17. d4 $10 {Albrecht,
H-Rentschler,J/2BLS 8889}) 11. dxe4 Ba6 12. Qa4 $6 (12. Bf1 $5 Bxf1 13. Nxf1
$14) (12. Nf1 $6 Bd3) (12. h5 $1 {Ambroz} g5 (12... gxh5 13. e5 (13. Nh4 Ng6)
13... Ng6 (13... O-O 14. Nh4) 14. Qa4 Bb7 15. Ne4 $36) 13. e5 Qd7 14. Qa4 Bd3
15. Nc4 O-O $13) 12... Bd3 13. Re3 $5 (13. Bf1) (13. Nc4 a6 (13... Rb8 $1 {
Ambroz} 14. Nce5 (14. Bf4 b5) 14... b5 15. Nxc6 Nxc6 16. Qd1 O-O 17. Be3 $1 c4
18. e5 $14) (13... O-O 14. Bf4) 14. Nce5 Bb5 (14... b5 15. Nxc6 Nxc6 16. Qd1)
15. Nxc6 Bxa4 16. Nxd8 Rxd8) 13... b5 14. Qa6 (14. Qd1 {/\ Ne1}) (14. Qd1 $142
{Ambroz}) 14... Rb8 15. Ne1 c4 16. Nxd3 cxd3 17. Bf1 (17. Nf3 $5) 17... Rb6 18.
Qa3 Ne5 19. Qb3 (19. f4 $2 Nc4 20. Nxc4 bxc4 21. Qa4+ Rc6 22. Bd2) (19. Qxa7 $2
N7c6 $1 (19... Rd6 20. Qc5) (19... Bf8 $5 {>< Qa7}) 20. Qa3 Bf8 21. Qb3 (21. b4
Nc4 22. Nxc4 (22. Rxd3 $5) 22... bxc4 $44) 21... Bc5 22. Re1 Ng4 (22... Qf6 {
Ambroz})) 19... Qd6 20. a4 (20. f4 Nc4 (20... Qc5 $1 {Ambroz}) 21. Nxc4 bxc4
22. Qd1 (22. Qxc4 d2 23. Rd3 d1=Q $19) 22... O-O $17) 20... b4 21. a5 (21. c4 {
Ambroz} N7c6 (21... Qc5 22. Bxd3 Ng4 23. Nf3) 22. Bxd3 O-O $5 $44) 21... Rb8
22. Qd1 (22. c4 {Ambroz} Rd8) 22... N7c6 23. Bxd3 $1 O-O (23... Nxd3 24. Nc4
$16) 24. Bf1 (24. Be2 $5 $13) (24. Be2 $1 {Ambroz}) 24... Rfd8 25. Qe2 (25. Qc2
$2 Qc5 {><f2,Qc2}) (25. c4 {Ambroz} h5 $5 {>< d4}) 25... h5 26. Kg2 $2 (26. Nc4
Nxc4 27. Qxc4 Ne5 28. Qe2 Ng4 (28... Qd1 29. Qxd1 Rxd1 30. Kg2 $13) (28... Bh6
29. f4 Ng4 30. Rf3 $1 $13 (30. Rd3 $2 Qc5+ 31. Kg2 Rxd3 32. Qxd3 Qf2+ 33. Kh3
Qh2#)) 29. Rd3 Qxd3 30. Qxd3 Rxd3 31. Bxd3 bxc3 32. bxc3 Bxc3 33. Ra2 $10)
26... Ng4 27. Rd3 (27. Rf3 Nce5 28. Rf4 (28. Nc4 {Ambroz} Nxc4 29. Qxc4 Ne5)
28... Bh6 $19) 27... Qxd3 28. Qxd3 Rxd3 29. Bxd3 bxc3 30. bxc3 Bxc3 31. Ra3 (
31. Rb1 Rd8 (31... Rxb1 32. Nxb1 Bxa5 $17) 32. Bb5 Bxd2 33. Bxc6 (33. Bxd2 Rxd2
34. Bxc6 Rxf2+ 35. Kg1 Ra2) 33... Bxc1 34. Rxc1 Rd2) (31. Ra2 Nb4 $19) 31...
Bb2 $19 (31... Bxa5 {Ambroz}) 32. Bxb2 Rxb2 33. Nc4 Rxf2+ 34. Kg1 Nd4 35. Ne5
Nf3+ 36. Nxf3 Rxf3 37. Rb3 (37. Kg2 Ne5 $19) 37... Rxg3+ 38. Kf1 Kg7 39. Ke2
Ne5 40. Bc2 (40. Bc2 Rxb3 41. Bxb3 Nc6 42. a6 $2 Nd4+ $19) 0-1

[Event "IND-ch"]
[Site "Mumbai"]
[Date "2003.01.21"]
[Round "6"]
[White "Sasikiran, Krishnan"]
[Black "Bakre, Tejas"]
[Result "1-0"]
[WhiteElo "2664"]
[BlackElo "2464"]
[Annotator "Horn,Pe"]
[PlyCount "93"]
[EventDate "2003.01.18"]
[EventType "tourn"]
[EventRounds "21"]
[EventCountry "IND"]
[EventCategory "8"]
[SourceTitle "CBM 094"]
[Source "ChessBase"]
[SourceDate "2003.05.26"]
[SourceVersion "1"]
[SourceVersionDate "2003.05.26"]
[SourceQuality "1"]

1. e4 c5 2. d3 Nc6 3. g3 d5 4. Nd2 e6 5. Bg2 Nge7 6. Ngf3 g6 7. O-O Bg7 8. Re1
Qc7 9. exd5 exd5 10. d4 $5 {insbesondere wegen des schon geschehenen Qc7 kommt
dieser Zug hier sehr in Betracht.} cxd4 11. Nb3 Bg4 (11... Qb6 12. Bf4) 12. Bf4
{Das ist der Grund: Weiß nimmt ein Tempo mit.} Qd8 (12... Qb6 13. Bd6 {ist ein
Manöver, das aus Stellungen mit vertauschten Farben (Panov-Angriff) bekannt
ist.} Rd8 14. Bc5 Qb5 15. h3 Bxf3 16. Qxf3 $44) 13. h3 Bxf3 14. Qxf3 O-O 15.
Rad1 h6 16. h4 b6 17. Bh3 a5 $146 (17... a6 18. Nc1 Ra7 19. Nd3 Re8 20. Be5 Nf5
(20... Nxe5 21. Nxe5 Bxe5 22. Rxe5 $14) 21. Bxg7 Nxg7 22. Nf4 Ne5 23. Qb3 d3
24. Kf1 dxc2 25. Rxd5 Qc7 26. Rc1 Qc4+ 27. Qxc4 Nxc4 28. Rxc2 $14 {Kaidanov,
G-Saidy,A/Philadelphia 1995}) 18. Nc1 Ra7 19. a3 a4 20. Nd3 $44 {Schwarz hat
den Mehrbauern zwar behalten können; er ist aber kaum etwas wert.} Na5 21. Be5
Nac6 (21... Nc4 22. Bxg7 Kxg7 23. Qf4 Nc6 24. Bg2 $14) 22. Bxg7 Kxg7 23. Qf4
Qc7 24. Qd2 {Weiß möchte möglichst viel Spannung in der Partie halten.} (24.
Rd2 Qxf4 25. Nxf4 Rc7 26. Bg2 Rd8 27. Rde2 $44) 24... Qd6 25. Re2 {Bereitet
die Verdoppelung auf der e-Linie vor, was zusätzliche Bindungen für Schwarz
schafft.} Qf6 (25... Ng8 {[%cal Ya7e7] wäre ein Versuch den Druck in der
e-Linie zu reduzieren.}) 26. Rde1 Rd8 27. Nf4 Rd6 ({Sicher haben die beiden
Spieler sich hier mit dem typischen} 27... d3 {befaßt:} 28. cxd3 (28. Qxd3 Qxb2
29. Bg2 b5) 28... Nd4 29. Re3 Rc7 30. Qd1 $14 Nc2 $140 $4 31. Rxe7 $18) 28. Qd3
Ra5 29. Bg2 Kg8 30. Qf3 Rb5 31. b4 axb3 32. cxb3 Ra5 ({Die Alternative war} 
32... Rc5) 33. b4 Ra7 34. b5 (34. Qb3 b5 35. h5 g5 36. Nxd5 Nxd5 37. Re8+ Kg7
38. Bxd5 {ist auch nicht klar.}) 34... Na5 35. Kh2 Kg7 36. Qg4 Kh7 37. h5 g5 (
37... Nc4) 38. Rxe7 (38. Nd3 Nc4 39. a4 Nf5 40. Nb4 d3 $132) 38... Rxe7 39.
Nxd5 Rxd5 40. Rxe7 Qxe7 $2 ({Viel besser gefällt mir} 40... Rd8 {, wobei mir
Schwarz lebendig vorkommt.} {z.B.:} 41. Rc7 Kh8 42. Rc8 Rxc8 43. Qxc8+ Kg7 44.
Qc2 Qe5 $11 {Auch hier steht der Na5 nicht sehr glücklich, aber die gut
postierte Qe5 gibt Schwarz genügend Gegenspiel.}) 41. Bxd5 $18 {[%csl Ra5,Gd5]
domination} Qf6 42. Qe4+ Kg7 43. Kg2 Kf8 44. a4 Kg7 45. Kf1 {[%cal Yf1e2,Ye2d3]
} Kf8 46. Ke2 Kg8 $2 47. Qg6+ 1-0

[Event "ARM-ch"]
[Site "Yerevan"]
[Date "1999.10.26"]
[Round "11"]
[White "Minasian, Artashes"]
[Black "Nadanian, Ashot S"]
[Result "1-0"]
[WhiteElo "2600"]
[BlackElo "2410"]
[Annotator "Horn,Pe"]
[PlyCount "163"]
[EventDate "1999.10.16"]
[EventType "tourn"]
[EventRounds "11"]
[EventCountry "ARM"]
[EventCategory "10"]
[SourceTitle "CBM 074"]
[Source "ChessBase"]
[SourceDate "2000.02.01"]
[SourceVersion "1"]
[SourceVersionDate "2000.02.01"]
[SourceQuality "1"]

1. Nf3 d5 2. g3 c5 3. Bg2 Nc6 4. O-O Nf6 5. d3 Bg4 6. h3 (6. c4 {->
Nalbandian-Nadanian aus demselben Turnier}) 6... Bxf3 7. Bxf3 e6 8. Bg2 (8. c4
Be7 9. Nc3 {nach Zugumstellung} (9. cxd5 Nxd5 10. Nc3 O-O 11. Bg2 Qd7 12. Bd2
Rfd8 13. Rc1 Rac8 $11 {Hochreiter,J-Richter,M/Bayern 1994}) 9... dxc4 10. dxc4
Qb6 11. e3 O-O 12. b3 Rfd8 13. Qe2 Rd7 $13 {Cunha-Asfora/Cabo Frio/1984}) 8...
Be7 9. c4 (9. Nd2 O-O 10. e4 Qc7 11. c3 b5 12. f4 dxe4 13. dxe4 e5 14. Qe2 c4
15. Re1 Nd7 16. Nf1 Nc5 17. Ne3 Nd3 18. Nd5 Bc5+ 19. Kh2 Qd6 $132 {Glienke,
M-Brameyer,H/Germany 1992}) 9... O-O 10. Nc3 Qd7 (10... dxc4 11. dxc4 Qb6 {
wie in Cunha-Asfora war auch möglich.}) 11. Bg5 d4 {Das ist nicht erzwungen:} (
11... h6 12. Bxf6 Bxf6 13. cxd5 exd5 14. Nxd5 Bxb2 15. Rb1 Be5 $132) 12. Na4 {
[%cal Ya2a3,Ya1b1,Yb2b4] Die logische Fortsetzung des weißen Vorgehens ist nun
eine Vorbereitung von b2-b4.} Rab8 (12... b6 13. a3) 13. a3 (13. Bxf6 {(hier
und später) erzwingt} gxf6 {. Davon war Nadanian offenbar nicht beeindruckt,
sonst hätte er 12..b6 gewählt.}) 13... a6 14. Rc1 {gegen b7-b5 gerichtet.} (14.
b4 $6 cxb4 15. axb4 Nxb4 {überzeugt nicht, da Schwarz zu b7-b5 bereitsteht.})
14... b6 15. Re1 Rfc8 (15... Rfe8 {leitet eine andere Strategie ein.}) 16. Bd2
h6 17. b3 Bf8 18. Qc2 Bd6 19. Rb1 b5 $6 ({Konsequent war} 19... Ne7 {, da Weiß
noch nicht gut} 20. b4 {spielen kann:} cxb4 21. Bxb4 (21. axb4 b5) 21... b5)
20. cxb5 axb5 (20... Rxb5 {ist positionell nicht erstrebenswert:} 21. Nb2 $14 {
[%cal Yb2c4]}) 21. Nxc5 Bxc5 (21... Qa7 22. b4 Qxa3 $2 23. Bxc6 (23. Ra1 Nxb4)
(23. Rec1 $5) 23... Rxc6 24. Ra1 $16) 22. Qxc5 Ne7 {Das war die Idee: die Qc5
ist weiteren Angriffen ausgesetzt und auf c2 ist ein Einbruchsfeld entstanden.
Mit dem Läuferpaar läßt sich aber häufig eine Menge aushalten.} 23. Qb4 e5 {
[%cal Yf6d5]} (23... Rc2 24. Bf4 Rbc8 25. Rbc1 $16 {Nach einem Abtausch der
Türme ist der weiße Vorteil ganz klar.}) 24. e4 (24. Rbc1 $5 Nfd5 25. Rxc8+
Rxc8 26. Qa5 Rc7 27. a4 bxa4 28. bxa4 Ra7 29. Qb5 Qxb5 30. axb5 Ra2 31. e4 $1
Nc3 (31... Rxd2 32. exd5 $18) 32. Bxc3 dxc3 33. Rc1 c2 $16 {war die 
(beachtliche) Alternative}) 24... Rc2 (24... dxe3 $2 25. Bxe3 {und das Netz
ist zerrissen.}) 25. Rec1 Nc6 26. Rxc2 Nxb4 27. Bxb4 $16 {Materiell sieht die
Lage garnicht schlecht für Schwarz aus, da aber die geschlossene weiße
Stellung keine Angriffspunkte bietet, spielt hier Weiß mit seiner Majorität am
Damenflügel klar auf Gewinn.} Rc8 28. Rbc1 Rxc2 29. Rxc2 Qe6 {Die einzige
Möglichkeit, aktiv zu werden.} 30. Rc5 Qxb3 31. Bf1 Qe6 (31... Qa4 32. Rxe5 {
war kaum besser.}) 32. Rxb5 {[%csl Ga3][%cal Ya3a4]} Nd7 {Ohne den N läßt sich
der Pa3 nicht aufhalten.} 33. Rd5 {[%cal Yd5d6]} Qc6 34. h4 {[%cal Yf1h3] Es
zeigt sich, daß der Nd7 auch kein sicheres Feld gefunden hat.} Qa4 35. Be2 (35.
Bh3 {bringt jetzt keinen Fortschritt:} Qd1+ 36. Bf1 (36. Kg2 Nf6 $132) (36. Kh2
Nf6 $132) 36... Qa4) 35... Qc2 36. Bf1 (36. Kf1 Qc1+ 37. Kg2 Qc2) 36... Nf6 $1
(36... Qa4 {fragt Weiß, ob ihm doch noch einfällt, wie er seine Stellung
verstärken kann.}) 37. Rxe5 (37. Rc5 Qb1 38. Rxe5 Ng4 39. Rd5 Nh2 $132) 37...
Ng4 38. Rf5 Ne3 $2 {Zeitnot ?} (38... g6 39. Rf4 Ne5 40. Kg2 Nxd3 41. Bxd3 Qxd3
$11) 39. fxe3 dxe3 40. Bg2 ({Mit} 40. Rf3 $5 {läßt sich der Pd3 auch nicht gut
behaupten:} Qc1 (40... e2 41. Bg2 $18) 41. Kh2 Qb2+ 42. Bg2 Qd4) 40... Qxd3 (
40... e2 41. Rd5 Qd1+ 42. Kf2 $18) 41. Rf1 $18 {Der Unruhestifter Pe3 ist
sicher gestoppt. Um zugewinnen, muß Weiß ihn beseitigen, was sich als garnicht
so einfach erweist.} e2 42. Re1 Qe3+ 43. Kh2 h5 44. Rg1 {[%cal Yb4e1,Yg1g2,
Yg2h1]} Qa7 (44... f6 45. a4) 45. e5 Kh8 (45... Qe3) 46. Kh1 Qe3 47. Kh2 Qa7 (
47... Qxe5 48. Bf3 $18 {[%cal Yg1e1,Yh2g2]}) 48. Rc1 Qe3 49. Rb1 Qb6 50. Re1 (
50. Bf3 Qf2+) 50... Qe3 51. Kh3 {[%cal Yg2b7,Yb7a6]} Qf2 52. Rc1 Qe3 53. Rh1
Qa7 54. Kh2 (54. Bf3 Qf2 55. Bb7 Qf1+) 54... Kg8 55. Rc1 Qe3 56. Rc8+ Kh7 57.
Be1 Qd3 (57... Qxa3 58. Be4+ g6 59. e6 fxe6 60. Rc7+ Kg8 61. Rc2 Qe3 (61... Kg7
62. Rxe2 $18) 62. Rc4 $18) 58. Rb8 Qd1 (58... Qxa3 59. Be4+ g6 60. e6 fxe6 61.
Rb7+ Kg8 62. Kg2 Qa1 63. Rb1 Qd4 64. Rb4 Qd1 (64... Qe3 65. Bf3 $18) 65. Kf2
$18 {[%cal Ye4f3]}) 59. Be4+ g6 60. Rb1 Qa4 61. Bb4 Qd1 62. e6 fxe6 63. Bc3 e5
(63... Qf1 64. Be1) 64. Be1 Qd4 65. Rb4 Qd1 66. Rb7+ Kh8 67. Rb1 Kg7 (67... Qd4
68. Bxg6 $18) 68. Kg2 Qd4 69. Rb4 Qd1 70. Kf2 Qd6 71. a4 Qa6 72. Bf3 Qa7+ 73.
Kg2 Qe3 74. Re4 Qa3 75. a5 Qa2 76. Rxe2 Qa1 77. Bb7 Qd1 78. Re4 Qb1 79. a6 Qb2+
80. Bf2 Qb5 81. Re1 Qb2 82. Be4 1-0